| 000 | 00680nam a2200205 a 4500 | ||
|---|---|---|---|
| 001 | 14985 | ||
| 003 | CO-ViMGA | ||
| 008 | 141112s2004 ck r 000 u spa d | ||
| 040 |
_aCO-ViMGA _bspa _cCO-ViMGA |
||
| 082 | 0 | 4 | _a331.4877 A715 |
| 100 | 1 |
_aArango, Luz Gabriela _98054 |
|
| 245 | 1 | 0 |
_aMujeres obreras, Familia y políticas empresariales : _bLa historia de Fabricato |
| 260 |
_aBtá, _cUniandes, _c1993 |
||
| 300 | _a39.p. | ||
| 590 |
_aPrecio : _10.000 - - Fecha de adquisición : Donación |
||
| 650 | 1 | 4 |
_aFABRICATO S.A. _921726 |
| 650 | 1 | 4 |
_aHISTORIA - INDUSTRIA TEXTIL _921727 |
| 650 | 1 | 4 |
_aMUJERES EN LA INDUSTRIA TEXTIL - MEDELLIN - COLOMBIA _921728 |
| 942 |
_2ddc _cBK |
||
| 999 |
_c25423 _d25423 |
||